000 01024nam a2200277 a 4500
001 BRCA_6136
005 20190320205339.0
008 060711s2011----sp-a######---#000-0#spa-#
020 _a9788484802181
041 _aspa
044 _asp
050 4 _aND813.R5
_b.J68 2011
245 1 0 _aEl joven Ribera
_cedición a cargo de José Milicua, Javier Portús ; con textos de Gabriele Finaldi ... [ et al.].
260 _aMadrid
_bMuseo del Prado
_c2011
300 _a205 p.
_bil. (algunas a color)
_c30 cm.
500 _aIncluye genealogía de las familias Ribera y Azzolino e índice onomástico
500 _aIncluye piezas de la colección Franz Mayer: p. 151
500 _a2do. ejemplar en el Área de Investigación
504 _aBibliografía: p. 192-201
600 1 4 _aRibera, José de
_d1591-1652
_vExposiciones
_95134
650 1 4 _aPintores españoles
_vCatálogos
_915477
700 1 _aMilicua, José
_eed.
_96007
700 1 _aPortús, Javier
_eed.
_915478
700 1 _aFinaldi, Gabriele
_915479
942 _2lcc
_cB
999 _c5823
_d5823